|
|
|
|
| LEADER |
00000nab a2200000 a 4500 |
| 001 |
vtls009523082 |
| 003 |
SK-MaSNL |
| 005 |
20260305005106.0 |
| 008 |
250506c2009 xo |||||||||||000 b|slo |
| 015 |
|
|
|a SNBRB2009/06
|2 snkbucl
|
| 035 |
|
|
|a (uuid)a2eb4bdb-bd75-4feb-a8e7-11d70deccfbe
|
| 035 |
|
|
|a urn:nbn:sk:snk-abf5ep
|
| 035 |
|
|
|a (urnnbn)urn:nbn:sk:snk:ar-007hxi
|
| 038 |
|
|
|a SNKBUCL
|
| 040 |
|
|
|a SNKBUCL
|b slo
|c SNKBUCL
|e AACR2
|
| 041 |
0 |
|
|a cze
|b eng
|
| 044 |
|
|
|a xo
|c SK
|
| 080 |
|
|
|a 624.195
|x (437.3)
|2 2001
|
| 080 |
|
|
|a 625.712.35
|2 2001
|
| 100 |
1 |
|
|a Mařík, Libor,
|d 1961-
|4 aut
|9 586501
|
| 245 |
1 |
0 |
|a Tunely stavby 513 silničního okruhu kolem Prahy
|c Libor Mařík
|
| 246 |
3 |
1 |
|a Tunnels on highway belt 513 around Prague
|
| 300 |
|
|
|b Fotogr.
|
| 546 |
|
|
|a Res. angl.
|
| 650 |
0 |
7 |
|a cestné tunely
|2 snkbucl
|9 60200
|
| 650 |
0 |
7 |
|a cestné stavby
|2 snkbucl
|9 63766
|
| 651 |
|
7 |
|a Praha (Česko)
|2 snkbucl
|9 19313
|
| 773 |
0 |
|
|t Inžinierske stavby = Inženýrské stavby
|g Roč. 57, č. 1 (2009), s. 36-39
|x 1335-0846
|
| 850 |
|
|
|a Slovenská národná knižnica
|
| 852 |
|
|
|a Slovenská národná knižnica
|
| 954 |
|
|
|a odborná, vedecká literatúra cudzojazyčná (svetová)
|2 lita
|
| 958 |
|
|
|a article2022
|
| 958 |
|
|
|a CZ
|
| 958 |
|
|
|a OND
|
| 958 |
|
|
|a EUIPO
|
| 999 |
|
|
|c 3238917
|d 3240847
|